| 000 | 00390nam a22001457a 4500 | ||
|---|---|---|---|
| 020 | _a9787508542492 | ||
| 082 |
_a327.51 _bQIN 2019 |
||
| 100 | _aQingmin, Zhang | ||
| 245 |
_aContemporary China's diplomacy _cZhang Qingmin |
||
| 260 |
_c2019 _aChina _bIntercontinental press |
||
| 300 | _a178p | ||
| 563 | _aP.B | ||
| 942 |
_2ddc _cBK |
||
| 999 |
_c589152 _d589152 |
||